ბათუმის შოთა რუსთაველის სახელმწიფო უნივერსიტეტის ბიბლიოთეკა

Машины непрерывного транспорта. (ბიბ.ჩანაწერი № 40881)

000 -LEADER
fixed length control field 00629nam a2200205Ia 4500
001 - CONTROL NUMBER
control field 7525
003 - CONTROL NUMBER IDENTIFIER
control field GE_BSU
008 - FIXED-LENGTH DATA ELEMENTS--GENERAL INFORMATION
fixed length control field 181216s||||||||xx |||||||||||||| ||und||
040 ## - CATALOGING SOURCE
Transcribing agency GE_BSU
080 ## - UNIVERSAL DECIMAL CLASSIFICATION NUMBER
Universal Decimal Classification number 621.867(075.8)
100 ## - MAIN ENTRY--PERSONAL NAME
Personal name Зенков,Р.Л. Ивашков,И.И. Колобов,Л.Н.
245 ## - TITLE STATEMENT
Title Машины непрерывного транспорта.
245 ## - TITLE STATEMENT
Statement of responsibility, etc. Ред. Ю.Н.Макарова.
260 ## - PUBLICATION, DISTRIBUTION, ETC.
Place of publication, distribution, etc. М.
260 ## - PUBLICATION, DISTRIBUTION, ETC.
Name of publisher, distributor, etc. Машиностроение.
260 ## - PUBLICATION, DISTRIBUTION, ETC.
Date of publication, distribution, etc. 1980.
300 ## - PHYSICAL DESCRIPTION
Extent 304стр.22см.с илл.
653 ## - INDEX TERM--UNCONTROLLED
Uncontrolled term Машины непрерывного транспорта.
942 ## - ADDED ENTRY ELEMENTS (KOHA)
Koha item type წიგნი
ეგზემპლარები
Withdrawn status Lost status Damaged status Not for loan Date acquired Barcode Date last seen Price effective from Koha item type
        2018-12-17 9866 2018-12-17 2018-12-17 წიგნი